| 000 | 00648nam a2200193 a 4500 | ||
|---|---|---|---|
| 001 | 000005376 | ||
| 005 | 20200929151646.0 | ||
| 008 | 090819s1979 sp a 001 0 spa d | ||
| 020 | _a8400044193 | ||
| 040 |
_aDO-SdBNP _bspa _cBNPHU |
||
| 082 |
_axxx _bS238c |
||
| 100 | 1 |
_aSanz Donaire, Juan José _915250 |
|
| 245 | 1 | 3 |
_aEl corredor de Bejar / _cJuan José Sanz Donaire ; prólogo L. Solé Sabarís. |
| 260 |
_aMadrid, España : _bConsejo Superior de Investigaciones Científicas, _c1979. |
||
| 300 |
_a195 p.+ 14 lamina : _bil. ; _c30 cm. |
||
| 500 | _aIncluye tabla de contenido | ||
| 700 | 1 |
_aSabarís, L. Solé, _epról. _915251 |
|
| 049 | _aBNPD | ||
| 999 |
_c5176 _d5176 |
||